[Event "Lomza Weekend op 4th"]
[Site "Lomza"]
[Date "2013.01.05"]
[Round "3.5"]
[White "Kalinowska, Zuzanna"]
[Black "Zalewski, Andrzej"]
[Result "1-0"]
[WhiteElo "1274"]
[BlackElo "1397"]
[PlyCount "115"]
[EventDate "2013.01.05"]
[EventType "swiss"]
[EventRounds "5"]
[EventCountry "POL"]
[SourceTitle "EXT 2023"]
[Source "ChessBase"]
[SourceDate "2022.10.05"]
[SourceVersion "1"]
[SourceVersionDate "2022.10.05"]
[SourceQuality "1"]

1. d4 d5 2. Nf3 g6 3. Bf4 Bg7 4. e3 Nf6 5. c4 dxc4 6. Bxc4 Nc6 7. Nc3 0-0 8. 0-0 e6 9. Nb5 Ne8 10. Nc3 a6 11. a3 b5 12. Ba2 Bb7 13. Qc2 Rc8 14. Ne4 Nf6 15. Nc5 Na5 16. b4 Bxf3 17. gxf3 Nc4 18. Bxc4 bxc4 19. Qxc4 Nd5 20. Bg3 h5 21. h4 g5 22. hxg5 Qxg5 23. Kh1 Nxe3 24. fxe3 Qxg3 25. Qe2 Kh7 26. Rg1 Qh4+ 27. Qh2 Qxh2+ 28. Kxh2 e5 29. d5 e4 30. Ra2 exf3 31. Rf2 Be5+ 32. Kh3 Rg8 33. Rxg8 Rxg8 34. Rxf3 Kg6 35. e4 Ra8 36. Nd3 Bd6 37. e5 Bf8 38. Nb2 Rd8 39. Rf6+ Kg7 40. Rxa6 Rxd5 41. Nc4 Be7 42. Rc6 Bd8 43. a4 Rd3+ 44. Kg2 Rb3 45. b5 Rb4 46. a5 Rxb5 47. a6 Rb8 48. Kf3 Kf8 49. Ke4 Ke7 50. a7 Ra8 51. Ra6 Kd7 52. Kd5 h4 53. Ne3 Kc8 54. Kc6 f6 55. e6 Be7 56. Nf5 Bd6 57. Nxd6+ cxd6 58. e7 1-0